| 000 | 00988nam a22002537a 4500 | ||
|---|---|---|---|
| 005 | 20140903174955.0 | ||
| 008 | 131105s2013 ag a frn 000 0 spa | ||
| 020 | _a9789505183531 | ||
| 040 |
_aCO-BoUCM _cAngélica Rojas _dAldemar Mondragón |
||
| 041 | 0 | 0 | _aspa |
| 100 | 1 |
_aMeyer, Michel _d1950- _949674 |
|
| 245 | 1 | 0 |
_aPrincipia rhetorica una teoría general de la argumentación _cMichel Meyer ; traducción de Irene Agoff |
| 260 |
_aBuenos Aires (Argentina) _aMadrid (España) _bAmorrortu Editores _c2013 |
||
| 300 |
_a347 páginas _bilustraciones |
||
| 490 | 0 | _aBiblioteca de Filosofía (Amorrortu Editores) | |
| 650 | 7 |
_aFilosofía del lenguaje _949677 |
|
| 650 | 7 |
_aLógica _949676 |
|
| 650 | 7 |
_aRetórica _xHistoria y crítica _949675 |
|
| 690 |
_942814 _aFilosofía |
||
| 700 | 1 |
_aAgoff, Irene _etraductor _943594 |
|
| 765 | _tPrincipia rhetorica théorie générale de l'argumentation | ||
| 942 |
_a2 _cLIBRO _e1 _mM612p _2DEWEY _h168 |
||
| 999 |
_c182729 _d182729 |
||